| 000 | 00388nam a2200145Ia 4500 | ||
|---|---|---|---|
| 008 | 130318s9999 xx 000 0 und d | ||
| 020 | _a9780470827963 | ||
| 082 | _a658.40630931 TAN/C | ||
| 100 | _aTan, Yinglan | ||
| 245 | _aChinnovation:How Chinese innovators are changing the World | ||
| 260 |
_bWiley _aSingapore _c2011 |
||
| 300 | _a298 | ||
| 650 | _aINNOVATION | ||
| 650 | _aMANAGEMENT | ||
| 999 |
_c2195 _d2195 |
||